[Event "ITA-chT Final (Women) 1st"]
[Site "Arvier"]
[Date "2008.05.03"]
[Round "3"]
[White "Goi, Veronika"]
[Black "Palmitessa, Irene"]
[Result "1-0"]
[WhiteElo "1923"]
[BlackElo "1708"]
[PlyCount "75"]
[EventDate "2008.05.02"]
[EventType "team-swiss"]
[EventRounds "5"]
[EventCountry "ITA"]
[SourceTitle "CBM 124 Extra"]
[Source "ChessBase"]
[SourceDate "2008.07.03"]
[SourceVersion "1"]
[SourceVersionDate "2008.07.03"]
[SourceQuality "1"]
[WhiteTeam "Mestre Capa Girls"]
[BlackTeam "Barletta"]
[WhiteTeamCountry "ITA"]
[BlackTeamCountry "ITA"]

1. d4 d5 2. c4 e6 3. Nf3 Nf6 4. Nc3 Nbd7 5. Bg5 Be7 6. Qc2 c6 7. e3 0-0 8. h3 b6 9. Bf4 Bb7 10. Be2 Rc8 11. Rd1 c5 12. 0-0 cxd4 13. Rxd4 Bc5 14. Rdd1 dxc4 15. Ne5 a6 16. Nxc4 Nd5 17. Bd6 Ne7 18. Qd3 Bc6 19. Bxc5 bxc5 20. e4 Qc7 21. Qe3 Ng6 22. f4 Rce8 23. Nd6 Re7 24. Bxa6 Qa7 25. Bc4 Qa8 26. Qg3 Nf6 27. Qe3 Qa7 28. Be2 Qb6 29. Rd2 Rd8 30. Nc4 Qb8 31. Rxd8+ Qxd8 32. Rd1 Rd7 33. Rxd7 Qxd7 34. Bf3 Qe7 35. g3 Nd7 36. Qd3 Nb8 37. Kg2 Na6 38. a3 1-0

[Event "ITA-chT Final (Women) 1st"]
[Site "Arvier"]
[Date "2008.05.02"]
[Round "2"]
[White "Palmitessa, Irene"]
[Black "Sautto, Alessandra"]
[Result "1/2-1/2"]
[WhiteElo "1708"]
[BlackElo "1926"]
[PlyCount "83"]
[EventDate "2008.05.02"]
[EventType "team-swiss"]
[EventRounds "5"]
[EventCountry "ITA"]
[SourceTitle "CBM 124 Extra"]
[Source "ChessBase"]
[SourceDate "2008.07.03"]
[SourceVersion "1"]
[SourceVersionDate "2008.07.03"]
[SourceQuality "1"]
[WhiteTeam "Barletta"]
[BlackTeam "Vitinia"]
[WhiteTeamCountry "ITA"]
[BlackTeamCountry "ITA"]

1. e4 e6 2. d4 d5 3. exd5 exd5 4. Bd3 Bd6 5. Nf3 Ne7 6. 0-0 Nbc6 7. c3 Bg4 8. Re1 Qd7 9. Nbd2 0-0 10. Qc2 Bf5 11. Ng5 h6 12. Ngf3 Bxd3 13. Qxd3 Ng6 14. Nb3 Rfe8 15. Bd2 Re7 16. Rxe7 Ncxe7 17. Re1 c6 18. Re2 Qc7 19. Qb1 Kf8 20. Qe1 Nf4 21. Bxf4 Bxf4 22. Nc5 Bd6 23. Nd3 Ng6 24. h3 Qd7 25. Nfe5 Bxe5 26. Nxe5 Nxe5 27. Rxe5 Re8 28. Rxe8+ Qxe8 29. Qxe8+ Kxe8 30. f3 Ke7 31. Kf2 Ke6 32. Ke3 f5 33. f4 g6 34. g3 a6 35. a3 b6 36. a4 a5 37. b4 h5 38. Kd3 Kd6 39. bxa5 bxa5 40. c4 Ke6 41. c5 Kf6 42. h4 1/2-1/2

[Event "ITA-ch (Women)"]
[Site "Fiuggi"]
[Date "2007.07.26"]
[Round "9"]
[White "Palmitessa, Irene"]
[Black "Messina, Roberta"]
[Result "0-1"]
[WhiteElo "1655"]
[BlackElo "1859"]
[PlyCount "96"]
[EventDate "2007.07.18"]
[EventType "swiss"]
[EventRounds "9"]
[EventCountry "ITA"]
[SourceTitle "CBM 119 Extra"]
[Source "ChessBase"]
[SourceDate "2007.09.04"]
[SourceVersion "1"]
[SourceVersionDate "2007.09.04"]
[SourceQuality "1"]

1. e4 c5 2. Nf3 d6 3. d4 cxd4 4. Nxd4 Nf6 5. Nc3 a6 6. Be2 e6 7. 0-0 Be7 8. f4 Qc7 9. Kh1 0-0 10. a4 Nc6 11. Bf3 Nxd4 12. Qxd4 e5 13. Qd3 b6 14. Nd5 Nxd5 15. exd5 Rb8 16. c4 f5 17. fxe5 dxe5 18. Be2 e4 19. Qc2 Bd6 20. g3 Bxg3 21. hxg3 Qxg3 22. Bf4 Qh4+ 23. Kg1 Rf6 24. Bh2 Rg6+ 25. Kh1 Rh6 26. Bd1 f4 27. Qf2 Qh3 28. Rg1 f3 29. Qg3 Rb7 30. Qxh3 Bxh3 31. Rg3 Rf7 32. b4 f2 33. Be2 f1Q+ 34. Bxf1 Bxf1 35. Kg1 Bxc4 36. Rd1 Rhf6 37. Re3 Bd3 38. Rc1 Rd7 39. d6 Rg6+ 40. Kh1 Kf7 41. Rc7 Ke6 42. Re1 Rxd6 43. Bxd6 Kxd6 44. Rec1 Ke5 45. Re7+ Kf4 46. Rcc7 e3 47. Rc3 Be4+ 48. Kh2 Rh6+ 0-1

[Event "ITA-ch (Women)"]
[Site "Fiuggi"]
[Date "2007.07.20"]
[Round "3"]
[White "Palmitessa, Irene"]
[Black "Brunello, Marina"]
[Result "1-0"]
[WhiteElo "1655"]
[BlackElo "1945"]
[PlyCount "143"]
[EventDate "2007.07.18"]
[EventType "swiss"]
[EventRounds "9"]
[EventCountry "ITA"]
[SourceTitle "CBM 119 Extra"]
[Source "ChessBase"]
[SourceDate "2007.09.04"]
[SourceVersion "1"]
[SourceVersionDate "2007.09.04"]
[SourceQuality "1"]

1. d4 d5 2. c4 e6 3. Nc3 Nf6 4. cxd5 exd5 5. Bg5 c6 6. e3 Bf5 7. Bd3 Bxd3 8. Qxd3 Be7 9. Nf3 Nbd7 10. 0-0 0-0 11. Rab1 Ne4 12. Bxe7 Qxe7 13. b4 b5 14. Qc2 Nd6 15. a4 a6 16. a5 Nc4 17. Qd3 Nf6 18. Nd2 Rfe8 19. Rfe1 Rad8 20. Na2 Qd6 21. h3 Ne4 22. Nb3 Re6 23. Nc5 Nxc5 24. dxc5 Qc7 25. Qc3 Rde8 26. Nc1 Ne5 27. Ne2 Nd7 28. Nd4 R6e7 29. Nf5 Re5 30. Nxg7 Kxg7 31. f4 Kg8 32. fxe5 Nxe5 33. Rf1 Ng6 34. Rf5 Re4 35. Rbf1 Ne5 36. R1f4 Rxf4 37. Rxf4 Qe7 38. Qd4 Qg5 39. Kh2 Qg7 40. Rf5 Nc4 41. Qxg7+ Kxg7 42. Rf3 f6 43. Kg3 Nd2 44. Rf4 Kg6 45. Rg4+ Kf7 46. Kf4 Nc4 47. Rg3 Nd2 48. Kf5 Nf1 49. Rf3 Nd2 50. Rf4 Nc4 51. Rf3 Nd2 52. Rf2 Ne4 53. Rf4 Nd2 54. Kg4 Kg6 55. Rd4 Nc4 56. Kf4 Na3 57. Rd2 Nc4 58. Rc2 Ne5 59. Rc3 Kf7 60. g4 Ng6+ 61. Kg3 Ke6 62. h4 h6 63. h5 Ne5 64. Kf4 Nc4 65. e4 Ne5 66. exd5+ Kxd5 67. Kf5 Kd4 68. Rc1 Kd3 69. Kxf6 Nxg4+ 70. Ke6 Kd4 71. Kd6 Ne5 72. Rd1+ 1-0

[Event "ITA-ch (Women) 33rd"]
[Site "Bratto"]
[Date "2006.08.23"]
[Round "5"]
[White "Palmitessa, Chiara"]
[Black "Palmitessa, Irene"]
[Result "1/2-1/2"]
[WhiteElo "1569"]
[BlackElo "1643"]
[PlyCount "22"]
[EventDate "2006.08.19"]
[EventType "swiss"]
[EventRounds "9"]
[EventCountry "ITA"]
[SourceTitle "CBM 113 Extra"]
[Source "ChessBase"]
[SourceDate "2006.09.14"]
[SourceVersion "1"]
[SourceVersionDate "2006.09.14"]
[SourceQuality "1"]

1. e4 e6 2. d4 d5 3. exd5 exd5 4. Bd3 Bd6 5. Nf3 Nf6 6. Bg5 Bg4 7. Nbd2 Nbd7 8. c3 c6 9. Qc2 Qc7 10. 0-0 0-0 11. Rfe1 Rfe8 1/2-1/2

[Event "ITA-ch (Women) 33rd"]
[Site "Bratto"]
[Date "2006.08.20"]
[Round "2"]
[White "Palmitessa, Irene"]
[Black "Monticone, Sonia"]
[Result "1-0"]
[WhiteElo "1643"]
[BlackElo "1623"]
[PlyCount "79"]
[EventDate "2006.08.19"]
[EventType "swiss"]
[EventRounds "9"]
[EventCountry "ITA"]
[SourceTitle "CBM 113 Extra"]
[Source "ChessBase"]
[SourceDate "2006.09.14"]
[SourceVersion "1"]
[SourceVersionDate "2006.09.14"]
[SourceQuality "1"]

1. e4 c5 2. Nc3 e6 3. Nf3 d5 4. d4 dxe4 5. Nxe4 Nc6 6. dxc5 Qxd1+ 7. Kxd1 Bd7 8. Bf4 Be7 9. Bb5 Nf6 10. Nd6+ Bxd6 11. Bxd6 0-0-0 12. Ke2 e5 13. Bxc6 Bxc6 14. Be7 Bb5+ 15. Ke1 Rd7 16. Bxf6 gxf6 17. Rd1 Rhd8 18. Rxd7 Rxd7 19. Nd2 f5 20. c4 Bc6 21. Rg1 e4 22. g3 f6 23. Ke2 Rd8 24. Rd1 Be8 25. Ke1 Bh5 26. Rc1 Rd3 27. Nf1 Kc7 28. Ne3 Kc6 29. Ng2 Bg4 30. Nf4 Rd8 31. a3 Re8 32. Nd5 Re6 33. b4 Bh5 34. Nf4 Bf7 35. Nxe6 Bxe6 36. Ke2 Bf7 37. Ke3 Bh5 38. Kf4 Bg4 39. Rc2 Bh5 40. Rd2 1-0